1722 1109 1370 1135 1614 1298 1825 1188 1769 1773 1396 1816 1180 1657 1449 1639 1485 1152 1819 1168 1574 1242 1763 1928 1592 1877 1770 1614 1292 1648 1321 1912 1034 1662 1351 1287 1296 1324 1961 1590 1951 1541 1158 1670 1425 1192 1604 1552 1167 1492 1043 1443 1309 1399 1018 1822 1456 1690 1516 1065 1676 1687 1362 1919 1453 1046 1191 1837 1256 1769 1225 1243 1952 1296 1292 1408 1620 1248 1333 1510 1579 1282 1046 1269 1356 1577 1628 1263 1754 1046 1922 1014 1549 1523 1430 1668 1590 1778 1069 BCNSPRNW ULIB Ver.6.0+V

เปลี่ยนเป็นภาษาไทย

Change to English
 แสดงรายละเอียดบรรณานุกรม
  กลับหน้าหลัก

Brief Record : Get Marc (ISO 2709) : E-mail record : QR code < ปิดหน้าต่าง
LEADER : 00000nam 2200000uu 4500
001    13399109643
003     ULIB
008    110407s2548||||th 000 0 tha d
020    9749295404
060 04 WB890^bภ669 2548
245 00 ภูมิปัญญาสุขภาพ :^bปฏิบัติการต่อรองของความรู้ท้องถิ่น /^cหัวหน้างานบรรณาธิการ ดาริน อินทร์เหมือน
260    กรุงเทพฯ :^bศูนย์มานุษยวิทยาสิรินธร,^c2548
300    (9), 269 หน้า :^bภาพประกอบ ;^c21 ซม.
440  0 เอกสารวิชาการ ;^vลำดับที่ 42
500    หนังสือรวมบทความจากการประชุมประจำปีทางมานุษยวิทยา ครั้งที่3 เรื่อง ทบทวนภูมิปัญญาท้าทายความรู้
650  7 การแพทย์แผนไทย
650  7 การแพทย์แผนโบราณ^zไทย
650  7 แพทย์แผนโบราณ
650  7 การแพทย์ทางเลือก^zไทย
650  7 ภูมิปัญญาชาวบ้าน^zไทย
650  7 สมุนไพร^xการใช้รักษา
700 0  ดาริน อินทร์เหมือน,^eบรรณาธิการ
710 2  ศูนย์มานุษยวิทยาสิรินธร
945    ^p150^l0^i018975
945    ^p150^l0^i019623
995    ทศพร
999 ^a ใช้งานได้ทุกระบบ
รายการนี้ยังไม่มีแท็ก
คุณยังไม่ได้ล็อกอิน คุณสามารถมีกิจกรรมร่วมกับเว็บไซต์ได้ แต่ต้องล็อกอินก่อน ::
  ล็อกอิน

รายการสื่อสารสนเทศ

ลำดับที่ ประเภท เลขเรียก/บาร์โค้ด สถานที่ สถานะ
1. วิทยาศาสตร์การแพทย์ และสุขภาพ
วิทยาศาสตร์การแพทย์ และสุขภาพ
สถานะ=หนังสือเก่า
WB890 ภ669 2548 ฉ.1 
  Barcode: 018975
ห้องสมุดวิทยาเขตสวรรค์ประชารักษ์
►ส่วนจัดเก็บหนังสือเก่า สปร
บนชั้น
  ขอยืม
2. วิทยาศาสตร์การแพทย์ และสุขภาพ
วิทยาศาสตร์การแพทย์ และสุขภาพ
สถานะ=หนังสือเก่า
WB890 ภ669 2548 ฉ.2 
  Barcode: 019623
ห้องสมุดวิทยาเขตสวรรค์ประชารักษ์
►ส่วนจัดเก็บหนังสือเก่า สปร
บนชั้น
  ขอยืม

รายการใกล้เคียง
    หัวเรื่อง [การแพทย์แผนไทย]
    หัวเรื่อง [การแพทย์แผนโบราณ ไทย]
    หัวเรื่อง [แพทย์แผนโบราณ]

BibComment


ยังไม่เคยถูกคอมเมนท์

คอมเมนท์ทรัพยากรรายการนี้
  คอมเมนท์: ภูมิปัญญาสุขภาพ ..


 Copyright 2026. Bcnsprnw @Library